000 00431nam a2200169Ia 4500
008 230711s9999||||xx |||||||||||||| ||und||
020 _a978-93-5014-229-5
041 _aENG
082 _a621.381
_bSH-S
100 _aSharma,Sanjay
245 0 _aSignal and systems with matlab programs
250 _a8th Ed.
260 _c2012
_aNew Delhi
_bS.K Kataria & Sons
300 _a874
650 _aElectronics Engineering
942 _cBK
999 _c5638
_d5638